Euro 2024: Liste du Portugal - Statistiques

Statistiques générales
  • Ce quiz a été pris 481 fois
  • Le résultat moyen est 20 sur 26
Statistiques - réponses
Club Poste Réponse % Correct
Al Nassr FC Attaquants Cristiano Ronaldo
97%
Manchester United Milieux Bruno Fernandes
90%
Paris Saint-Germain Défenseurs Nuno Mendes
90%
Paris Saint-Germain Milieux Vitinha
90%
Manchester City Milieux Bernardo Silva
88%
AC Milan Attaquants Rafael Leão
88%
Manchester city Défenseurs Rúben Dias
87%
FC Porto Gardiens Diogo Costa
86%
Benfica Lisbonne Défenseurs António Silva
85%
FC Porto Défenseurs Pepe
85%
Paris Saint-Germain Attaquants Gonçalo Ramos
84%
FC Barcelone Attaquants João Félix
83%
Liverpool FC Attaquants Diogo Jota
81%
Al Hilal FC Milieux Rúben Neves
81%
AS Roma Gardiens Rui Patrício
81%
FC Barcelone (prêt) Défenseurs João Cancelo
80%
Benfica Lisbonne Milieux João Neves
80%
Manchester United Défenseurs Diogo Dalot
73%
Paris Saint-Germain Défenseurs Danilo Pereira
70%
Wolverhampton Gardiens José Sá
68%
FC Porto Attaquants Francisco Conceição
59%
Wolverhampton Défenseurs Nélson Semedo
56%
Sporting CP Défenseurs Gonçalo Inácio
53%
Fulham FC Milieux João Palhinha
53%
Al Nassr FC Milieux Otávio
51%
Wolverhampton Attaquants Pedro Neto
49%
Aucun quiz correspondant
Distribution des résultats
% des personnes avec chaque résultat
Percentile par nombre de réponses
Votre historique - résultats
Vous n’avez pas pris ce quiz